• 首页
  • 本馆介绍
  • 公告通知
  • 最新文献
  • 馆藏检索
  • 电子资源
  • 读者导购
  • 参考咨询
  • 我的图书馆
  • 登录
  • 详细信息显示
  • 放入我的书架
  • 预约/预借图书
  • 作者相关作品
  • 分类相关作品
  • 丛书相关作品
  • 出版社相关作品

书目信息

  • 表格格式
  • 工作单格式
  • 卡片格式
题名:
科学健身300问
    
 
作者: 张怀钊 , 焦建余 , 江月兰 编著
分册:  
出版信息: 北京   北京体育大学出版社  2006
页数: 12,178页
开本: 20cm
丛书名:
单 册:
中图分类: R161.1
科图分类:
主题词: 保健 , 保健--基本知识
电子资源:
ISBN: 7-81100-463-1
000 00824nam0 2200253 450
001 010700016491
005 20061029112253.54
010    @a7-81100-463-1@dCNY13.00
100    @a20060207d2006 em y0chiy0110 ea
101 0  @achi
102    @aCN@b110000
105    @aa z 000yy
200 1  @a科学健身300问@9ke xue jian shen 300 wen@f江月兰,张怀钊,焦建余编著
210    @a北京@c北京体育大学出版社@d2006
215    @a12,178页@c图@d20cm
330    @a本书内容分为:健身常识篇、膳食营养篇、科学减肥篇、运动处方篇、急救处理篇、康复篇、日常保健篇、心理保健篇。
606 0  @a保健
606 0  @a保健@x基本知识
690    @aR161.1@v4
701  0 @a张怀钊@9zhang huai zhao@4编著
701  0 @a焦建余@9jiao jian yu@4编著
701  0 @a江月兰@9jiang yue lan@4编著
801  0 @aCN@bRENTIAN@c20061029
905    @a10447@dR161.1@e104
    
    科学健身300问/江月兰,张怀钊,焦建余编著.-北京:北京体育大学出版社,2006
    12,178页:图;20cm
    
    
    ISBN 7-81100-463-1:CNY13.00
    本书内容分为:健身常识篇、膳食营养篇、科学减肥篇、运动处方篇、急救处理篇、康复篇、日常保健篇、心理保健篇。
●
相关链接 在E读中查询图书 在五车中查询图书 在当当中查询图书 在豆瓣中查询图书


正题名:科学健身300问     索取号:R161.1/104         预约/预借

序号 登录号 条形码 馆藏地/架位号 状态 备注
1 0388935   203889355   第二样本阅览室/ [索取号:R161.1/104] 在馆    
2 0388936   203889364   第三借阅区/ [索取号:R161.1/104] 在馆    
3 0388937   203889373   第三借阅区/ [索取号:R161.1/104] 在馆    
4 0388938   203889382   第三借阅区/ [索取号:R161.1/104] 在馆    
5 0388939   203889391   第三借阅区/ [索取号:R161.1/104] 在馆    
唐山师范学院图书馆 欢迎您!
大连网信软件有限公司© 版权所有